Statistics for Global Twin Cities Quiz

Click here to take the quiz!

General Stats

  • This quiz has been taken 12 times
  • The average score is 10 of 12

Answer Stats

HintAnswer% Correct
San DiegoTijuana
100%
KinshasaBrazzaville
92%
DallasFort Worth
92%
CairoGiza
92%
ShenzhenHong Kong
92%
MinneapolisSt. Paul
92%
ViennaBratislava
83%
SeoulIncheon
83%
RawalpindiIslamabad
75%
JohannesburgPretoria
75%
RaleighDurham
67%
MiamiFort Lauderdale
67%

Score Distribution

Percentile by Number Answered

Percent of People with Each Score

Your Score History

You have not taken this quiz